| 000 | 00529nam a2200217Ia 4500 | ||
|---|---|---|---|
| 008 | 170918s9999 xx 000 0 und d | ||
| 020 | _a9780545340762 | ||
| 050 | _bD554 2012 | ||
| 100 | _aDiConsiglio, John | ||
| 245 | _aDanger is my business : | ||
| 245 | _bthe world's deadliest jobs / | ||
| 245 | _cJohn DiConsiglio. | ||
| 260 | _aNew York : | ||
| 260 | _bScholastic, | ||
| 260 | _c2012 | ||
| 300 | _a40 pages : | ||
| 300 | _bcolored illustration ; | ||
| 300 | _c19cm. | ||
| 440 | _aRead 180. | ||
| 500 | _a530 | ||
| 999 |
_c341665 _d341665 |
||